| 000 | 01028nam0a22002891 4500 | ||
|---|---|---|---|
| 001 | RU\INFOCOMM_318\NLR\5000085990 | ||
| 005 | 20250613103005.0 | ||
| 035 | _a(NLR Aleph) 009454751 | ||
| 090 |
_a8428584 _c8428584 |
||
| 100 | _a20121205d1973 |||y0rusy50 ca | ||
| 101 | 1 |
_aeng _crus |
|
| 102 | _aRU | ||
| 105 | _ay z ||||| | ||
| 200 | 1 |
_aChina in the twenties _e[Transl. from the Russ. ...] _fMarc Kasanin _gUSSR Acad. of sciences. Inst. of oriental studies |
|
| 210 |
_aM. _c"Nauka" _d1973 |
||
| 215 |
_a303 с. _d20 см |
||
| 300 | _aВ вып. дан.: Марк Исаакович Казанин. Китай в 20-е годы | ||
| 607 |
_aКитайская Народная Республика _xИстория _z20 в. _2nlr_sh1 |
||
| 620 | _aМосква | ||
| 686 |
_aИ5 _2rubbk |
||
| 700 | 1 |
_9z01790 _aKazanin _bM. I. _f1899-1972 _gMark Isaakovič |
|
| 790 | 1 |
_9z01700 _aKasanin _bM. _gMarc _4070 |
|
| 801 | 1 |
_aRU _bNLR _c20121205 |
|
| 801 | 0 |
_aRU _bINFOCOMM _gPSBO |
|
| 852 |
_aNLR _jИ91 Д-3/104 |
||
| 942 | _cBOOK | ||
| 980 | _aNB | ||